Law, culture, tradition and children's rights in Eastern and Southern Africa (Record no. 3945)
[ view plain ]
| 000 -LEADER | |
|---|---|
| fixed length control field | 00587nam a2200229Ia 4500 |
| 003 - CONTROL NUMBER IDENTIFIER | |
| control field | 0100 |
| 008 - FIXED-LENGTH DATA ELEMENTS--GENERAL INFORMATION | |
| fixed length control field | 130227s9999 xx 000 0 und d |
| 020 ## - INTERNATIONAL STANDARD BOOK NUMBER | |
| International Standard Book Number | 1840144777 |
| 040 ## - CATALOGING SOURCE | |
| Transcribing agency | ARRUPELIB |
| 050 ## - LIBRARY OF CONGRESS CALL NUMBER | |
| Classification number | KOC145.M55N38 1998 |
| 245 ## - TITLE STATEMENT | |
| Title | Law, culture, tradition and children's rights in Eastern and Southern Africa |
| 260 ## - PUBLICATION, DISTRIBUTION, ETC. (IMPRINT) | |
| Place of publication, distribution, etc | Dartmouth |
| 260 ## - PUBLICATION, DISTRIBUTION, ETC. (IMPRINT) | |
| Name of publisher, distributor, etc | Ashgate |
| 260 ## - PUBLICATION, DISTRIBUTION, ETC. (IMPRINT) | |
| -- | 1998 |
| 300 ## - PHYSICAL DESCRIPTION | |
| Extent | xv |
| 300 ## - PHYSICAL DESCRIPTION | |
| Other physical details | 343p 22cm |
| 650 ## - SUBJECT ADDED ENTRY--TOPICAL TERM | |
| Topical term following geographic name as entry element | Economics--History |
| 650 ## - SUBJECT ADDED ENTRY--TOPICAL TERM | |
| Location of event | Value |
| 650 ## - SUBJECT ADDED ENTRY--TOPICAL TERM | |
| Active dates | Distribution (Economic theory) |
| 700 ## - ADDED ENTRY--PERSONAL NAME | |
| Personal name | Ncube, Welshman (ed) |
| 942 ## - ADDED ENTRY ELEMENTS (KOHA) | |
| Source of classification or shelving scheme | Library of Congress Classification |
| Koha issues (borrowed), all copies | 1 |
| Withdrawn status | Lost status | Source of classification or shelving scheme | Damaged status | Not for loan | Collection code | Home library | Current library | Date acquired | Total Checkouts | Full call number | Barcode | Date last seen | Date last borrowed | Copy number | Price effective from | Koha item type |
|---|---|---|---|---|---|---|---|---|---|---|---|---|---|---|---|---|
| Library of Congress Classification | Main Collection | ARRUPE LIBRARY | ARRUPE LIBRARY | 27/02/2013 | 4 | KQC145.M55N38 1998 | 46405117 | 23/09/2022 | 24/08/2022 | 1 | 27/02/2013 | Monograph ( Printed materials) |